Top 5 najbardziej zaludnionych państw Ameryki Południowej - Statystyki

Ogólne statystyki
  • Ten quiz został rozwiązany 571 razy
  • Średni wynik to 5 z 5
Statystyki odpowiedzi
Ludność Państwo % Poprawnych
41 769 000 Argentyna
99%
203 429 000 Brazylia
99%
44 725 000 Kolumbia
93%
29 248 000 Peru
89%
27 635 000 Wenezuela
86%
Nie znaleziono quizów pasujących do podanych kryteriów
Rozkład punktacji
Procent ludzi z każdym wynikiem
Percentyl według liczby udzielonych odpowiedzi
Twoja historia wyników
Nie rozwiązałeś tego quizu